000 00476nam a2200181Ia 4500
005 20240823040727.0
008 240823s9999||||xx |||||||||||||| ||und||
020 _a978-93-5023-723-6
041 _aENGLISH
082 _A006.76 Q2
100 _aDani Nordin
245 0 _aDrupal Development Tricks for Designers
250 _a1st
260 _c2012
_b"Shroff Publishers and Distributers Pvt.Ltd,M"
500 _aYES
650 _aDrupal
_bComputer Science
942 _cBK
999 _c203808
_d203808